000 06916cam a2200457 a 4500
999 _c27446
_d27446
001 ocn827935085
003 OCoLC
005 20240801163928.0
006 m o d
007 cr cnu---unuuu
008 130218s2013 enk ob 001 0 eng d
020 _z9780080982373
020 _z0080982379
035 _a(OCoLC)827935085
_z(OCoLC)999665873
_z(OCoLC)1007227527
_z(OCoLC)1060195522
_z(OCoLC)1105877518
_z(OCoLC)1194799586
040 _aOPELS
_beng
_epn
_cOPELS
_dCDX
_dIDEBK
_dB24X7
_dOCLCF
_dUPM
_dUIU
_dOCLCQ
_dCOO
_dZ5A
_dOCLCQ
_dK6U
_dU3W
_dD6H
_dOCLCQ
_dAUD
_dLEAUB
_dS9I
_dDCT
_dEYM
_dOCLCQ
_dOCLCO
_dCOM
_dOCLCO
_dOCLCQ
_dOCLCO
050 4 _aVM156
_b.T87 2013
082 0 4 _a623.8/1
_223
100 1 _aTupper, E. C.
245 1 0 _aIntroduction to naval architecture /
_cE.C. Tupper.
250 _a5th ed.
260 _aKidlington, Oxford ;
_aWaltham, MA :
_bButterworth-Heinemann,
_c�2013.
300 _a1 online resource
336 _atext
_btxt
_2rdacontent
337 _acomputer
_bc
_2rdamedia
338 _aonline resource
_bcr
_2rdacarrier
347 _adata file
490 0 _aEngineering professional collection
500 _aTitle from PDF title page; (ScienceDirect; viewed on Feb. 18, 2013).
504 _aIncludes bibliographical references and index.
505 0 _aMachine generated contents note: General -- Naval Architecture and the Naval Architect -- Safety -- The Impact of Technology and Computers -- Summary -- Introduction -- Definition -- Displacement and Tonnage -- Freeboard and Load Lines -- International and National Regulatory Bodies -- Standards -- Summary -- Introduction -- Approximate Integration -- Spreadsheets -- Summary -- Introduction -- Equilibrium -- The Metacentre -- Trim -- Hydrostatic Curves -- Problems in Trim -- Transverse Weight Movements -- Summary -- Introduction -- The Approach -- Stability at Small Angles -- Special Cases in Stability -- The Inclining Experiment -- Stability at Large Angles -- Statical Stability (GZ) Curves -- Cross Curves of Stability -- Weight Movements -- Dynamical Stability -- External Influences -- Stability Standards for the Intact Ship -- IMO Criteria -- Warship Intact Stability -- Comment on Stability Standards -- Stability of Small Craft -- Flooding and Damaged Stability
505 0 _aStability in the Damaged State -- The Probabilistic Approach -- Stability Standards for the Damaged Ship -- Damage Stability Standards for Warships -- Continuing Work -- Summary -- Introduction -- Launching -- Docking -- Grounding -- Summary -- Introduction -- Fluid Flow -- Numerical Methods and Computational Fluid Dynamics -- Types of Resistance -- Calculation of Resistance -- Methodical Series -- Roughness -- Resistance in Shallow Water -- Form Parameters and Resistance -- Model Experiments -- Full-Scale Trials -- Effective Power -- Summary -- Introduction -- General Principles -- Propulsors -- The Screw Propeller -- Propeller Thrust and Torque -- Presentation of Propeller Data -- Hull Efficiency Elements -- The ITTC Performance Prediction Method -- Cavitation -- Other Propulsor Types -- Ship Trials -- Main Machinery Power -- Summary -- Introduction -- The Ocean Environment -- The Atmosphere -- The Ocean -- Ice and Cold Weather -- Other Extreme Environments -- Marine Pollution
505 0 _aHuman Factors -- The Internal Environment -- Summary -- Introduction -- Ship Responses -- Ship Motions -- Presentation of Motion Data -- Limiting Factors -- Overall Seakeeping Performance -- Acquiring Seakeeping Data -- Hazards Due to Wave Resonance Effects -- Deriving the Motions -- Effect of Ship Form -- Stabilisation -- Summary -- Introduction -- Ship Vibrations -- Calculations -- Vibration Levels -- Noise -- Shock -- Summary -- Introduction -- Directional Stability and Control -- Manoeuvring -- Manoeuvring Devices -- Rudder Area, Forces and Torques -- Ship Handling -- Dynamic Stability and Control of Submarines -- Underwater Vehicles, General -- Predictions of Manoeuvrabilty -- Modifying a Ship's Manoeuvring Performance -- Summary -- Introduction -- Nature of a Ship's Structure -- Modes of Failure -- Forces on a Ship -- Longitudinal Strength in Waves -- Section Inertia and Modulus -- Superstructures -- Standard Calculation Results -- Strength of Individual Structural Elements
505 0 _aTransverse Strength -- Some Other Structural Considerations -- Horizontal Flexure and Torsion -- Load-Shortening Curves -- Finite Element Analysis -- Corrosion -- Overall Structural Safety -- Summary -- Introduction -- The Requirements -- The Design Phases -- A Methodical Design Approach -- Design Configuration -- CAD Systems -- Costs -- Some General Design Problems -- Safety -- Summary -- Introduction -- Merchant Ships -- Specialist Vessels -- High-Speed Craft -- Warships -- Summary.
520 _aThe leading single volume introduction to naval architecture by one of the subject's best-known authors Provides a perfect introduction to the topic for newcomers to the field and a compact overview for related marine professionals needing a working knowledge of the area Updated to cover key developments including the latest assessments of damaged stability and the increased use of computational methods and modelling in ship design Combines broad scope with authoritative detail, all in the accessible and approachable style associated with experienced naval architecture author Eric Tupper Introduction to Naval Architecture is the most well-known and trusted introduction to the principles affecting the design, construction and operation of marine vessels and structures. It offers a wide ranging yet clear and concise technical guide to the basics of this broad field, with minimal emphasis on complex equations and mathematics. Written by an award-winning naval architecture author, this new edition has been fully updated to cover recent advances and developments in naval architecture. It is ideal for students approaching the subject for the first time, experienced naval architects requiring an up-to-date reference, and other marine professionals needing a working knowledge of the area. Provides a perfect introduction to naval architecture for newcomers to the field and a compact overview for related marine professionals needing a working knowledge of the areaUpdated to cover key developments including double-hulled tankers and the increased use of computational methods and modeling in ship design. Draws on the experience of renowned naval architecture author Eric Tupper to provide extensive scope and authoritative detail, all in an accessible and approachable style.
650 0 _aNaval architecture.
650 6 _aArchitecture navale.
_0(CaQQLa)201-0019688
650 7 _anaval architecture.
_2aat
_0(CStmoGRI)aat300054159
650 7 _aNaval architecture
_2fast
_0(OCoLC)fst01034917
856 4 0 _3ScienceDirect
_uhttps://www.sciencedirect.com/science/book/9780080982373
942 _2ddc
_cEBK